000 00368nam a2200169 a 4500
001 4140
005 20140414131931.0
008 090218s19uu xx 00 eng d
020 _a
050 _aREF 031.02
_bAw1 2008
245 _aAwesome facts.
250 _a
260 _aManila :
_bIgloo,
_c2008.
440 _a
650 _aWorld facts
999 _c112221
_d112221